| 000 | 00460nam a2200181Ia 4500 | ||
|---|---|---|---|
| 008 | 240925s9999 xx 000 0 und d | ||
| 020 | _a70634246 | ||
| 082 | _a621.381 MAL | ||
| 100 | _aMalvino, Albert | ||
| 245 | 0 | _aElectronic Principles | |
| 250 | _a7th | ||
| 260 |
_aNew Delhi: _bTata McGraw Hill _c,2007. |
||
| 300 |
_axx,919p. _bNA _fPhotocopy |
||
| 500 | _aIncludes Index | ||
| 600 | _aElectronic Engineering | ||
| 650 | _aTechnology | ||
| 942 | _cBK | ||
| 999 |
_c9780 _d9780 |
||